000 00458nam a2200133Ia 4500
008 100328s9999 xx 000 0 und d
082 _b53549
100 _aकोल्हटकर बाळ
245 _aदुरितांचे तिमिर जावो
260 _bपरचुरे
630 _aदुरितांचे तिमिर जावो
730 _aदुरितांचे तिमिर जावो
942 _cBOOK
999 _c540293
_d540290